000 00566nam a2200205 i 4500
001 30616
003 ES-MaACL
005 20250818053256.0
007 t|
008 030127s1971 sp f |||| | spa d
080 _a159.942.2
100 1 _aBataille, Georges.
_926391
245 1 3 _aEl erotismo /
_cGeorges Bataille ; [traducción Juan Giner].
260 _aBarcelona :
_bMateu,
_c[1971]
300 _a334 p., 8 lám. ;
_c24 cm.
650 7 _aErotismo
_2embne
_9171042
700 1 _aGiner, Juan.
_957116
852 _aES-MaACL
_jC-47452
999 _c30616
_d30616